El derecho a la educación en Colombia.

I tiakina i:
Ngā taipitopito rārangi puna kōrero
Kaituhi matua: Lerma Carreño, Carlos Alberto (autor)
Hōputu: Pukapuka
Reo:Pāniora
Rangatū:(Libros FLAPE; 6)
Ngā marau:
Urunga tuihono:Ver documento en línea
Ngā Tūtohu: Tāpirihia he Tūtohu
Kāore He Tūtohu, Me noho koe te mea tuatahi ki te tūtohu i tēnei pūkete!

MARC

LEADER 00000nam^a2200000^u^4500
001 000515088
005 20260417000000.0
008 101007s1000^^^^^^^^^^^^r^^^^^000^0^spa^d
009 20260417194442.899
022 |a 9789872350765 
035 |a FCE 000059303 
037 |a Acervo ITESO - Biblioteca 
041 |a spa 
095 |a 279 
100 |a Lerma Carreño, Carlos Alberto  |e (autor) 
245 1 0 |a El derecho a la educación en Colombia. 
264 |a Buenos Aires:  |b Fundación Laboratorio de Políticas Públicas,  |c 2007. 
300 |a 109 p. 
336 |a texto  |b txt  |2 rdacontenido 
337 |a sin mediación  |b n  |2 rdamedio 
338 |a volumen  |b nc  |2 rdasoporte 
440 1 |a (Libros FLAPE; 6) 
596 |a Archivo en formato PDF. 
596 |a Forma de Acceso: Internet vía la World Wide Web. 
596 |a Requerimientos del sistema. Internet connectivity, World Wide Web browser. 
649 |a XX 
650 |a Políticas públicas 
650 |a Política educativa 
856 4 0 |u https://www.foro-latino.org/flape/producciones/coleccion_Flape/06Colombia_Derecho.pdf  |y Ver documento en línea 
910 |a Fondo Centro de Estudios Educativos 
920 |a Impresos - Libros 
930 |a Fondos Especiales 
905 |a 133 
902 |a https://opac.biblio.iteso.mx/vufind/Record/000515088